Network interrupts : A programmer's reference to network APIs

Network Interrupts draws together in one volume all the information about network system calls, including NetWare 4.0, NetWare Lite, Windows for Workgroups, and Windows NT. This book is an essential resource for all application programmers writing software that has to be network-aware.

Na minha lista:
Detalhes bibliográficos
Autor principal: Brown, Ralf
Formato: Livro
Idioma:Undetermined
Publicado em: Reading, Mass. Addison-Wesley 1994
Assuntos:
Tags: Adicionar Tag
Sem tags, seja o primeiro a adicionar uma tag!
Thư viện lưu trữ: Trung tâm Học liệu Trường Đại học Cần Thơ
LEADER 00855nam a2200205Ia 4500
001 CTU_232420
008 210402s9999 xx 000 0 und d
082 |a 005.71365 
082 |b B877 
100 |a Brown, Ralf 
245 0 |a Network interrupts : 
245 2 |b A programmer's reference to network APIs 
245 0 |c Ralph Brown, Jim Kyle 
260 |a Reading, Mass. 
260 |b Addison-Wesley 
260 |c 1994 
520 |a Network Interrupts draws together in one volume all the information about network system calls, including NetWare 4.0, NetWare Lite, Windows for Workgroups, and Windows NT. This book is an essential resource for all application programmers writing software that has to be network-aware. 
650 |a Mạng máy tính,Computer networks 
910 |b dqhieu 
980 |a Trung tâm Học liệu Trường Đại học Cần Thơ